| 000 | 00785nam a22002537a 4500 | ||
|---|---|---|---|
| 999 |
_c13508 _d13508 |
||
| 003 | AR-CdUCM | ||
| 008 | 190415b ||||| |||| 00| 0 spa d | ||
| 020 | _a978-612-4187-34-6 | ||
| 040 |
_aMUNICIPALIDAD PROVINCIAL DEL CUSCO _cBIBLIOTECA MUNICIPAL DEL CUSCO |
||
| 082 |
_aES / 373.869 / _bM36 |
||
| 100 |
_aMedina Bustinza, Alejandro _913019 |
||
| 245 | _aKillinchus pateadores de precipicios / | ||
| 260 |
_aLima : _bArteidea, _c2018. |
||
| 300 |
_a232 paginas ; _bilustraciones, _c21 cm. |
||
| 500 | _aCuentos y textos en quechua | ||
| 650 |
_aCuento _94671 |
||
| 650 |
_aHistoria _9136 |
||
| 650 |
_aLiteratura _983 |
||
| 650 |
_aSiglo XX _98 |
||
| 650 |
_aQuechua _92063 |
||
| 700 |
_aVillafuerte Pinares, Angel _931955 |
||
| 942 |
_2ddc _cLIBROS |
||
| 945 |
_apjha _d2019-04-15 |
||